[Event "V Torneo Settembre Vomero"]
[Site "Napoli ITA"]
[Date "2008.10.30"]
[Round "5"]
[White "Esposito, Pino"]
[Black "Lombardi, Ottavio"]
[Result "0-1"]
[WhiteElo "1857"]
[BlackElo "1766"]
[PlyCount "106"]
[EventDate "2008.10.02"]

1. Nf3 d5 2. g3 g6 3. Bg2 Bg7 4. d4 Nf6 5. O-O O-O 6. c4 c6 7. Nc3 e6 8. Bg5
Qb6 9. Qc2 Nbd7 10. c5 Qa6 11. a4 b6 12. b4 bxc5 13. bxc5 Qc4 14. Rac1 Ba6 15.
e3 Rfb8 16. Nd2 Qd3 17. Qa2 Qf5 18. Bf4 Bxf1 19. Bxf1 e5 20. Bxe5 Nxe5 21. dxe5
Ng4 22. Nd1 Nxe5 23. Qc2 Qxc2 24. Rxc2 Rb4 25. f4 Nd7 26. a5 Re8 27. Kf2 Bf8
28. Rb2 Rxb2 29. Nxb2 Bxc5 30. Nd1 f5 31. Nf3 Bb4 32. a6 Rc8 33. Nb2 c5 34. Bb5
Nf6 35. Ke2 c4 36. Nd4 Bc3 37. Na4 Bxd4 38. exd4 Ne4 39. Kd1 Kf8 40. Kc2 Ke7
41. Nb2 Kd6 42. Nd1 Rb8 43. Ba4 Rb6 44. Ne3 Rxa6 45. Be8 Ra2+ 46. Kb1 Rxh2 47.
Bf7 Nf6 48. Kc1 Re2 49. Nc2 Rxc2+ 50. Kxc2 Ne4 51. Bg8 h6 52. Bh7 Nxg3 53. Bxg6
h5 0-1

[Event "V Torneo Settembre Vomero"]
[Site "Napoli ITA"]
[Date "2008.10.30"]
[Round "5"]
[White "Garano, Nicola"]
[Black "Rosato, Luciano"]
[Result "0-1"]
[WhiteElo "2251"]
[BlackElo "2260"]
[PlyCount "95"]
[EventDate "2008.10.02"]

1. e4 c5 2. Nf3 a6 3. d4 cxd4 4. Nxd4 Nf6 5. Nc3 e5 6. Nb3 Bb4 7. Bg5 Qc7 8.
Qf3 Qc6 9. Bd3 Bxc3+ 10. bxc3 Qxc3+ 11. Bd2 Qc6 12. a4 d6 13. h3 Be6 14. O-O
Nbd7 15. Rfb1 b6 16. Qe2 Qc8 17. Nc1 a5 18. Rb5 O-O 19. f4 exf4 20. Bxf4 d5 21.
e5 Ne4 22. Bxe4 dxe4 23. Qxe4 Qc3 24. Rab1 Rac8 25. Ne2 Qc4 26. Nd4 Qxa4 27.
Qe3 Qc4 28. Rd1 Rfe8 29. Kh2 a4 30. Qg3 Nc5 31. Bh6 g6 32. Qf4 Bf5 33. Rxb6
Rcd8 34. Qh4 Ne4 35. Rd6 Rxd6 36. exd6 f6 37. Nxf5 gxf5 38. Rd3 Qxc2 39. Rg3+
Nxg3 40. Qxf6 Nh5 41. Qg5+ Kh8 42. Qxh5 Rg8 43. Bg7+ Kxg7 44. Qg5+ Kf7 45. Qe7+
Kg6 46. Qe6+ Kg7 47. Qe7+ Kh6 48. Qh4+ 0-1

[Event "V Torneo Settembre Vomero"]
[Site "Napoli ITA"]
[Date "2008.10.30"]
[Round "5"]
[White "La Gatta, Giovanni"]
[Black "Sorrentino, Michele"]
[Result "1-0"]
[WhiteElo "2109"]
[BlackElo "2039"]
[PlyCount "53"]
[EventDate "2008.10.02"]

1. d4 Nf6 2. c4 d6 3. Nc3 g6 4. e4 Bg7 5. f3 O-O 6. Bg5 c6 7. Qd2 Re8 8. Nge2
e5 9. d5 c5 10. g4 a6 11. Ng3 Bd7 12. a4 Qa5 13. Ra3 Rc8 14. h4 Qd8 15. h5 Qf8
16. Be3 Be8 17. Qh2 Nbd7 18. g5 Nxh5 19. Nxh5 gxh5 20. Qxh5 Qe7 21. Qxh7+ Kf8
22. Bh3 Rcb8 23. Bf5 Nb6 24. b3 Bd7 25. Ra2 f6 26. g6 Qd8 27. Bh6 1-0

[Event "V Torneo Settembre Vomero"]
[Site "Napoli ITA"]
[Date "2008.10.30"]
[Round "5"]
[White "Lombardo, Claudio"]
[Black "Falco, Claudio"]
[Result "1-0"]
[WhiteElo "1712"]
[BlackElo "1416"]
[PlyCount "35"]
[EventDate "2008.10.02"]

1. d4 d5 2. c4 e6 3. Nc3 Nf6 4. Nf3 Nbd7 5. e3 c5 6. Be2 Bd6 7. cxd5 Nxd5 8.
Nxd5 exd5 9. O-O Nf6 10. dxc5 Bxc5 11. b4 Bb6 12. Bb2 O-O 13. Bxf6 gxf6 14. Nd4
Bxd4 15. Qxd4 Bf5 16. Bf3 Be4 17. Bxe4 dxe4 18. Qxe4 1-0

[Event "V Torneo Settembre Vomero"]
[Site "Napoli ITA"]
[Date "2008.10.30"]
[Round "5"]
[White "Lombardo, Michele"]
[Black "De Rosa, Francesco"]
[Result "1/2-1/2"]
[WhiteElo "2011"]
[BlackElo "1940"]
[PlyCount "169"]
[EventDate "2008.10.02"]

1. e4 c5 2. Nc3 Nc6 3. g3 g6 4. Bg2 Bg7 5. d3 d6 6. Be3 Nf6 7. h3 O-O 8. Nge2
e5 9. Qd2 Nd4 10. f4 Bd7 11. g4 Nxe2 12. Nxe2 exf4 13. Nxf4 Bc6 14. O-O Nd7 15.
c3 Ne5 16. Rf2 a5 17. Raf1 a4 18. Ne2 Qe7 19. Bg5 f6 20. Be3 Rae8 21. Nc1 Kh8
22. Bh6 Bxh6 23. Qxh6 Nd7 24. Ne2 Qg7 25. Qf4 Ne5 26. Qd2 c4 27. Nf4 cxd3 28.
Nxd3 Bb5 29. Nxe5 Bxf1 30. Nxg6+ hxg6 31. Rxf1 Rd8 32. a3 Kg8 33. Qd4 b5 34.
Qd5+ Qf7 35. Qxb5 Rb8 36. Qxa4 Rxb2 37. Qd4 Qa2 38. Bf3 Qxa3 39. Rd1 Rb3 40.
Qxd6 Qxd6 41. Rxd6 Rxc3 42. Kg2 g5 43. Rd2 Rb8 44. Rd6 Rb2+ 45. Kg3 Kf7 46. Rd1
Rbb3 47. Rf1 Ke6 48. Rf2 Ke5 49. Rf1 Rb2 50. Ra1 Rbb3 51. Ra5+ Kd6 52. Rf5 Ke6
53. Kg2 Rb2+ 54. Kg3 Re3 55. h4 gxh4+ 56. Kxh4 Rbb3 57. Kg3 Rxe4 58. Kf2 Rd4
59. Kg2 Rb2+ 60. Kg3 Rbb4 61. Ra5 Rf4 62. Rh5 Kf7 63. Rc5 Kg6 64. Rd5 Rfd4 65.
Rc5 Rb1 66. Ra5 Re1 67. Bb7 Re5 68. Ra3 Rc4 69. Ba6 Rcc5 70. Bd3+ Kg5 71. Bf5
Rxf5 72. gxf5 Rxf5 73. Ra8 Rc5 74. Ra3 f5 75. Rb3 Rc4 76. Ra3 Rg4+ 77. Kf3 Rh4
78. Ra8 Rh3+ 79. Kg2 Rc3 80. Ra4 f4 81. Ra8 Rg3+ 82. Kf2 Rc3 83. Rg8+ Kf5 84.
Rf8+ Ke5 85. Re8+ 1/2-1/2

[Event "V Torneo Settembre Vomero"]
[Site "Napoli ITA"]
[Date "2008.10.30"]
[Round "5"]
[White "Longobardi, Giuseppe"]
[Black "Cangiano, Federico"]
[Result "0-1"]
[WhiteElo "2008"]
[BlackElo "1963"]
[PlyCount "96"]
[EventDate "2008.10.02"]

1. c4 Nf6 2. g3 c5 3. Bg2 Nc6 4. Nc3 g6 5. e3 Bg7 6. Nge2 O-O 7. O-O d6 8. b3
Bf5 9. d3 Qd7 10. Bb2 Bh3 11. Qd2 Bxg2 12. Kxg2 e6 13. d4 Ne7 14. dxc5 Qc6+ 15.
Kg1 dxc5 16. Qc2 Rad8 17. Rad1 Ng4 18. e4 h5 19. h3 Nf6 20. f3 a6 21. Rd2 Rd7
22. Rxd7 Nxd7 23. Nd1 Nf6 24. Nf2 Qc7 25. f4 Rd8 26. Bc3 Nc6 27. Rd1 Rd7 28. e5
Ne8 29. Ne4 b6 30. g4 hxg4 31. hxg4 Qd8 32. Rxd7 Qxd7 33. Kg2 Bh6 34. Kf3 Qd8
35. g5 Bg7 36. Kg4 Ne7 37. Qd2 Qxd2 38. Bxd2 Nf5 39. N2c3 Nc7 40. Na4 Na8 41.
Nd6 Nxd6 42. exd6 Kf8 43. b4 cxb4 44. Bxb4 Ke8 45. c5 a5 46. Ba3 bxc5 47. Nxc5
Nb6 48. Ne4 48... Kd7 $138 0-1

[Event "V Torneo Settembre Vomero"]
[Site "Napoli ITA"]
[Date "2008.10.30"]
[Round "5"]
[White "Miccoli, Livio"]
[Black "Solombrino, Giovanni"]
[Result "0-1"]
[WhiteElo "1589"]
[BlackElo "1707"]
[PlyCount "88"]
[EventDate "2008.10.02"]

1. e4 c5 2. Nc3 Nc6 3. Nge2 g6 4. g3 Bg7 5. Bg2 Nf6 6. O-O O-O 7. d3 d6 8. h3
Rb8 9. Be3 b6 10. Qd2 Bb7 11. Bh6 Re8 12. Bxg7 Kxg7 13. f4 e6 14. Rf2 d5 15. e5
Nd7 16. Nb5 f6 17. Nd6 Rf8 18. Raf1 fxe5 19. fxe5 Rxf2 20. Rxf2 Ndxe5 21. Nxb7
Rxb7 22. Nf4 Re7 23. Re2 Qd6 24. Qe1 Kf7 25. Qf2 Ke8 26. Qe3 Kd7 27. c3 b5 28.
b3 Nf7 29. d4 cxd4 30. cxd4 Nh6 31. g4 Nf7 32. Nd3 e5 33. dxe5 Nfxe5 34. Nc5+
Kc7 35. Rc2 Nxg4 36. Na6+ Kd8 37. Qf3 Re1+ 38. Bf1 Ne3 39. Rf2 Rxf1+ 40. Rxf1
Nxf1 41. Qxf1 Nd4 42. Qd3 Qf4 43. Nb4 Nf3+ 44. Kf1 Ne5+ 0-1

[Event "V Torneo Settembre Vomero"]
[Site "Napoli ITA"]
[Date "2008.10.30"]
[Round "5"]
[White "Parente, Giuseppe"]
[Black "Gallo, Thomas Renato"]
[Result "1-0"]
[WhiteElo "1826"]
[BlackElo "1878"]
[PlyCount "141"]
[EventDate "2008.10.02"]

1. Nf3 f5 2. g3 Nf6 3. d3 e6 4. Bg2 d5 5. O-O Be7 6. c4 c6 7. b3 O-O 8. Na3
Nbd7 9. Nc2 e5 10. d4 e4 11. Ng5 Nb8 12. Nh3 Nh5 13. e3 Qe8 14. f3 Qg6 15. Bd2
Be6 16. Nf4 Nxf4 17. exf4 Nd7 18. c5 h5 19. Qe1 Nf6 20. h4 Rae8 21. Ne3 exf3
22. Rxf3 Ne4 23. Ba5 Bd8 24. Bxd8 Rxd8 25. Nf1 Qf6 26. Rd1 Rfe8 27. Nh2 Bf7 28.
Re3 Re7 29. Nf3 b6 30. b4 bxc5 31. bxc5 Rb8 32. Rb1 Rxb1 33. Qxb1 Nxg3 34. Qb8+
Be8 35. Ne5 Ne4 36. Qc8 Kh7 37. Nf3 Nd2 38. Ng5+ Kh6 39. Re5 Nc4 40. Rxe7 Qxe7
41. Qxf5 Bg6 42. Qe6 Qxe6 43. Nxe6 Bf5 44. Nd8 Bd7 45. Nf7+ Kh7 46. Ne5 Be8 47.
Nxc4 dxc4 48. Be4+ g6 49. Kf2 Kg7 50. Ke3 Kf6 51. a3 a5 52. Bg2 Ke6 53. Ke4 c3
54. Bh3+ Ke7 55. Kd3 c2 56. Kxc2 Bf7 57. Bg2 Bd5 58. Bxd5 cxd5 59. Kb3 Ke6 60.
Ka4 Kf5 61. Kxa5 Kxf4 62. c6 g5 63. c7 g4 64. c8=Q Ke4 65. Qh8 g3 66. Qf6 Ke3
67. Qg5+ Kf2 68. Qxh5 g2 69. Qg4 g1=Q 70. Qxg1+ Kxg1 71. h5 1-0

[Event "V Torneo Settembre Vomero"]
[Site "Napoli ITA"]
[Date "2008.10.30"]
[Round "5"]
[White "Parise, Mariano"]
[Black "Di Gennaro, Antonio"]
[Result "1-0"]
[WhiteElo "1547"]
[BlackElo "1625"]
[PlyCount "119"]
[EventDate "2008.10.02"]

1. e4 c5 2. Nf3 d6 3. b3 Nc6 4. Bb2 e5 5. h3 g6 6. c3 Bg7 7. d4 exd4 8. cxd4
Nge7 9. Qd2 O-O 10. d5 Ne5 11. Nxe5 dxe5 12. Bc4 Qd6 13. O-O Bd7 14. a4 b6 15.
Na3 a6 16. Rae1 Rfb8 17. Qd3 a5 18. f4 f6 19. fxe5 fxe5 20. Rf3 Rf8 21. Ref1
Rxf3 22. Rxf3 Rf8 23. Nc2 g5 24. Rxf8+ Kxf8 25. Qf3+ Kg8 26. Ne3 Kh8 27. Qg3 h6
28. Ng4 Ng6 29. Qf3 Kg8 30. Ne3 Ne7 31. g4 Ng6 32. Nf5 Bxf5 33. gxf5 Nf4 34.
Qg4 Kh8 35. h4 gxh4 36. Qxh4 Kh7 37. Kf2 Bf6 38. Qg4 Bg5 39. Kf3 Qf6 40. Qg1 h5
41. Qa1 Ng6 42. Ke2 Nf4+ 43. Kd1 Ng2 44. Bxe5 Ne3+ 45. Ke2 Qh6 46. d6 Nxc4 47.
bxc4 Bd2 48. Qg1 Bg5 49. f6 Bxf6 50. Bxf6 Qxf6 51. Qg3 Qb2+ 52. Kf3 Qf6+ 53.
Qf4 Qc3+ 54. Kg2 Qxc4 55. Qf5+ Kg7 56. d7 Qe2+ 57. Kg3 Qe1+ 58. Kf4 Qh4+ 59.
Ke5 Qe7+ 60. Kd5 1-0

[Event "V Torneo Settembre Vomero"]
[Site "Napoli ITA"]
[Date "2008.10.30"]
[Round "5"]
[White "Perelli, Giuseppe"]
[Black "Vannini, Aldo"]
[Result "0-1"]
[WhiteElo "1395"]
[BlackElo "1882"]
[PlyCount "98"]
[EventDate "2008.10.02"]

1. e4 e6 2. d4 d5 3. exd5 exd5 4. Bd3 Bd6 5. Nf3 c6 6. h3 Ne7 7. O-O Qc7 8. Nc3
O-O 9. Bxh7+ Kxh7 10. Ng5+ Kg8 11. Qh5 Bf5 12. f4 Bg6 13. Qh4 Nf5 14. Qf2 f6
15. Ne6 Qb6 16. Nxf8 Bxf8 17. g4 Nd6 18. f5 Bh7 19. Na4 Qd8 20. Nc5 Ne4 21.
Nxe4 dxe4 22. Qe3 Nd7 23. Qxe4 Qe7 24. Qe6+ Qxe6 25. fxe6 Nb6 26. Re1 Be7 27.
c3 Rd8 28. Bf4 Kf8 29. Bc7 Rc8 30. Bxb6 axb6 31. a4 Ra8 32. b4 Bd8 33. b5 Bd3
34. bxc6 bxc6 35. Re3 Bc4 36. h4 b5 37. a5 Rxa5 38. Rxa5 Bxa5 39. g5 fxg5 40.
hxg5 Ke7 41. Kf2 Bxe6 42. Ke2 g6 43. Kd3 Kd6 44. Kc2 Bd8 45. Re5 Bf5+ 46. Kb3
Bxg5 47. c4 bxc4+ 48. Kxc4 Be6+ 49. Kd3 Bf6 0-1

[Event "V Torneo Settembre Vomero"]
[Site "Napoli ITA"]
[Date "2008.10.30"]
[Round "5"]
[White "Pinto, Gaetano"]
[Black "Capozzoli, Silvio"]
[Result "1-0"]
[WhiteElo "2044"]
[BlackElo "1949"]
[PlyCount "63"]
[EventDate "2008.10.02"]

1. d4 Nf6 2. Nf3 d5 3. c4 c6 4. Nc3 Bg4 5. Ne5 Bf5 6. cxd5 cxd5 7. Qb3 Bc8 8.
Bf4 Nc6 9. e3 a6 10. Bd3 e6 11. O-O Nxe5 12. Bxe5 Ng4 13. Bg3 h5 14. Be2 h4 15.
Bxg4 hxg3 16. hxg3 f5 17. Bxf5 exf5 18. Nxd5 Qd6 19. Rfc1 Rb8 20. f4 Bd7 21. a3
Bc6 22. Nb4 Be4 23. Kf2 Rh2 24. Rg1 a5 25. Nd3 g5 26. Ne5 Bd5 27. Qb5+ Ke7 28.
Rac1 gxf4 29. gxf4 Bg7 30. Qxa5 Bxe5 31. dxe5 Qe6 32. Qc7+ 1-0

[Event "V Torneo Settembre Vomero"]
[Site "Napoli ITA"]
[Date "2008.10.30"]
[Round "5"]
[White "Ricci, Giuseppe"]
[Black "Esposito, Rosario"]
[Result "1-0"]
[WhiteElo "1910"]
[BlackElo "1869"]
[PlyCount "47"]
[EventDate "2008.10.02"]

1. e4 c5 2. Nf3 e6 3. d4 cxd4 4. Nxd4 Nc6 5. Nc3 a6 6. Nxc6 bxc6 7. Bd3 Qc7 8.
Qe2 d5 9. exd5 Bb4 10. dxe6 Bxe6 11. Bd2 Ne7 12. Bxa6 O-O 13. O-O Bd6 14. g3
Ng6 15. Ne4 Be5 16. Bc3 Bxc3 17. Nxc3 Rfe8 18. Rfe1 c5 19. Bd3 Bd7 20. Qh5 Bc6
21. Be4 Re5 22. Bf5 Bd7 23. Rxe5 Qxe5 24. Bxg6 1-0

[Event "V Torneo Settembre Vomero"]
[Site "Napoli ITA"]
[Date "2008.10.30"]
[Round "5"]
[White "Romano, Felice"]
[Black "Iannotta, Francesco"]
[Result "0-1"]
[WhiteElo "1461"]
[BlackElo "1515"]
[PlyCount "72"]
[EventDate "2008.10.02"]

1. e4 e5 2. Nf3 Nc6 3. Bb5 a6 4. Bc4 Bc5 5. c3 Nf6 6. O-O Nxe4 7. d4 exd4 8.
cxd4 Bb4 9. a3 Ba5 10. b4 Bb6 11. Re1 d5 12. Ng5 O-O 13. Nxe4 dxe4 14. d5 Bxf2+
15. Kxf2 Qf6+ 16. Kg1 Qxa1 17. Nd2 Qd4+ 18. Kh1 e3 19. dxc6 exd2 20. Bxf7+ Kh8
21. Bxd2 Bg4 22. Qc2 Rxf7 23. Bc3 Qf2 24. Qxf2 Rxf2 25. h3 Bh5 26. cxb7 Rb8 27.
Re7 Rf7 28. Re6 Kg8 29. Rxa6 Rxb7 30. a4 Rf2 31. Bd4 Bd1 32. Bxf2 Rxb4 33. a5
Rb1 34. Kh2 Rb2 35. Bg1 Bf3 36. Re6 Rxg2+ 0-1

[Event "XXXIX Corsicoscacchi A"]
[Site "Corsico ITA"]
[Date "2008.10.03"]
[Round "1"]
[White "Astengo, Marcello"]
[Black "Mastroddi, Emiliano"]
[Result "1/2-1/2"]
[WhiteElo "2100"]
[BlackElo "2069"]
[PlyCount "46"]
[EventDate "2008.10.03"]

1. d4 Nf6 2. c4 g6 3. Nc3 d5 4. Nf3 Bg7 5. Bf4 c6 6. e3 O-O 7. Bd3 Qb6 8. Qc2
Be6 9. b3 c5 10. O-O cxd4 11. exd4 Nc6 12. Nb5 Nb4 13. Qd2 Nxd3 14. Qxd3 dxc4
15. bxc4 Rac8 16. c5 Qa5 17. Bd2 Qa6 18. a4 Rfd8 19. Qa3 Nd5 20. Rfe1 Nc7 21.
Qb4 Nd5 22. Qa3 Nc7 23. Qb4 Nd5 1/2-1/2

[Event "XXXIX Corsicoscacchi A"]
[Site "Corsico ITA"]
[Date "2008.10.03"]
[Round "1"]
[White "Cazzaniga, Walter"]
[Black "Bemporad, Filippo"]
[Result "1-0"]
[WhiteElo "2160"]
[BlackElo "2055"]
[PlyCount "111"]
[EventDate "2008.10.03"]

1. d4 d5 2. c4 c6 3. Nf3 Nf6 4. Nc3 g6 5. Bg5 Bg7 6. e3 O-O 7. Be2 Nbd7 8. cxd5
cxd5 9. O-O b6 10. b4 Bb7 11. Qb3 a6 12. a4 e6 13. Rfd1 Qe7 14. a5 b5 15. Ne1
h6 16. Bxf6 Nxf6 17. Nd3 Nd7 18. Bf3 Rac8 19. Nc5 Nxc5 20. bxc5 Rfd8 21. Na2
Bc6 22. Nb4 Qb7 23. Rac1 Ra8 24. Qc2 Ra7 25. Rd2 Qa8 26. Re1 Rad7 27. h4 Ra7
28. h5 g5 29. Bd1 Qc8 30. f4 Re8 31. fxg5 hxg5 32. Bf3 Rd8 33. Qd3 Qc7 34. Bd1
Be8 35. Ra2 f5 36. Qf1 Qg3 37. Qf2 Qxf2+ 38. Kxf2 g4 39. g3 Rc8 40. Rh1 Bh6 41.
Bb3 Bg5 42. Re2 Kg7 43. Nd3 Kh6 44. Kf1 Bd8 45. Ra2 Bc7 46. Nf4 Bf7 47. Kf2
Raa8 48. Nd3 Rh8 49. Raa1 Kg5 50. Rh4 Rh6 51. Nb4 Kf6 52. Kg2 Rxh5 53. Rxh5
Bxh5 54. Bxd5 Rd8 55. Bb7 Bf7 56. Nxa6 1-0

[Event "XXXIX Corsicoscacchi A"]
[Site "Corsico ITA"]
[Date "2008.10.03"]
[Round "1"]
[White "Stips, Felix"]
[Black "Lapiccirella, Daniele"]
[Result "1/2-1/2"]
[WhiteElo "2105"]
[BlackElo "2179"]
[PlyCount "104"]
[EventDate "2008.10.03"]

1. Nf3 d5 2. d4 Nf6 3. c4 c6 4. cxd5 cxd5 5. Nc3 Nc6 6. Bf4 a6 7. Rc1 Ne4 8. e3
Nxc3 9. bxc3 Bg4 10. Bd3 e6 11. Qb3 Bxf3 12. gxf3 Na5 13. Qa4+ b5 14. Qc2 Ba3
15. Rb1 Rc8 16. Rg1 g6 17. Be5 Rg8 18. Ke2 Qd7 19. h4 Qc6 20. Kd2 Ke7 21. h5 b4
22. cxb4 Qxc2+ 23. Bxc2 Nc4+ 24. Kd3 Nb2+ 25. Kd2 Bxb4+ 26. Kc1 Nd3+ 27. Kd1
Nxf2+ 28. Kc1 Nd3+ 29. Kd1 Nf2+ 30. Kc1 a5 31. Bg3 Nh3 32. Rh1 Ng5 33. Bh4 f6
34. Bxg5 fxg5 35. hxg6 hxg6 36. Rb3 Rh8 37. Rxh8 Rxh8 38. a3 Rh1+ 39. Kb2 Bd2
40. e4 dxe4 41. Bxe4 Kf6 42. d5 exd5 43. Bxd5 Ke5 44. Bf7 Kf4 45. Be6 Rh2 46.
Bg4 Ke5 47. Kc2 a4 48. Rb7 Bb4+ 49. Kd3 Bxa3 50. Ra7 Bc1 51. Rxa4 Rd2+ 52. Kc3
Rd6 1/2-1/2

[Event "XXXIX Corsicoscacchi A"]
[Site "Corsico ITA"]
[Date "2008.10.03"]
[Round "2"]
[White "Bemporad, Filippo"]
[Black "Mazzariol, Oscar"]
[Result "0-1"]
[WhiteElo "2055"]
[BlackElo "2070"]
[PlyCount "86"]
[EventDate "2008.10.03"]

1. d4 d6 2. Nf3 Nf6 3. c4 g6 4. Nc3 Bg7 5. e4 O-O 6. Be2 e5 7. O-O Nbd7 8. dxe5
dxe5 9. Be3 Ng4 10. Bg5 Bf6 11. Nd5 Bxg5 12. Nxg5 Ngf6 13. Nxf6+ Qxf6 14. Nf3
a5 15. Qc1 Nc5 16. Qe3 b6 17. Ne1 Bb7 18. f3 Qg7 19. Nd3 Ne6 20. c5 Nd4 21.
Rac1 Rad8 22. Rfd1 f5 23. exf5 gxf5 24. Nxe5 f4 25. Bc4+ Kh8 26. Qe1 Nxf3+ 27.
Nxf3 Bxf3 28. Rd2 Rfe8 29. Qf2 Bxg2 30. Rxd8 Bb7+ 31. Qg3 Rxd8 32. Qxg7+ Kxg7
33. cxb6 cxb6 34. Bb5 Kf6 35. Rc7 Be4 36. Bc4 Rd1+ 37. Kf2 Rd2+ 38. Kg1 Rxb2
39. h4 f3 40. a4 Ke5 41. Bb5 Kf4 42. Bf1 Kg3 43. Rg7+ Bg6 0-1

[Event "XXXIX Corsicoscacchi A"]
[Site "Corsico ITA"]
[Date "2008.10.03"]
[Round "2"]
[White "Brugo, Marco"]
[Black "Astengo, Marcello"]
[Result "1/2-1/2"]
[WhiteElo "2152"]
[BlackElo "2100"]
[PlyCount "61"]
[EventDate "2008.10.03"]

1. d4 d5 2. c4 c6 3. Nc3 e6 4. e3 Nf6 5. Nf3 Nbd7 6. Bd3 Be7 7. O-O O-O 8. b3
b6 9. Bb2 Bb7 10. Rc1 Rc8 11. Qe2 Re8 12. Rfd1 Qc7 13. Ne5 dxc4 14. Nxc4 c5 15.
Nb5 Qb8 16. dxc5 Rxc5 17. Nbd6 Rg5 18. f3 Rd8 19. Nxb7 Qxb7 20. Nd2 Nc5 21.
Bxf6 Bxf6 22. Ne4 Rxd3 23. Rxd3 Nxd3 24. Qxd3 Rd5 25. Nxf6+ gxf6 26. Qc3 Kg7
27. e4 Rc5 28. Qd2 Qc7 29. Rxc5 Qxc5+ 30. Kf1 b5 31. Qa5 1/2-1/2

[Event "XXXIX Corsicoscacchi A"]
[Site "Corsico ITA"]
[Date "2008.10.03"]
[Round "2"]
[White "Mastroddi, Emiliano"]
[Black "Stips, Felix"]
[Result "0-1"]
[WhiteElo "2069"]
[BlackElo "2105"]
[PlyCount "66"]
[EventDate "2008.10.03"]

1. e4 c5 2. Nf3 e6 3. c3 Nf6 4. e5 Nd5 5. d4 cxd4 6. cxd4 d6 7. Bc4 Nb6 8. Bb5+
Bd7 9. Bd3 Bc6 10. O-O N8d7 11. Nc3 dxe5 12. Nxe5 Nxe5 13. dxe5 Nd5 14. Be4
Nxc3 15. Bxc6+ bxc6 16. Qxd8+ Rxd8 17. bxc3 Bc5 18. Bg5 Rd5 19. Rfd1 h6 20.
Rxd5 cxd5 21. Rb1 Kd7 22. Bd2 Bb6 23. Kf1 Rc8 24. Rb4 d4 25. Rb3 Rc4 26. Rb4
Rc7 27. cxd4 Rc2 28. Be3 Rxa2 29. g4 Rc2 30. h4 Kc6 31. h5 Kd5 32. g5 hxg5 33.
Bxg5 Bxd4 0-1

[Event "XXXIX Corsicoscacchi A"]
[Site "Corsico ITA"]
[Date "2008.10.03"]
[Round "3"]
[White "Bemporad, Filippo"]
[Black "Mastroddi, Emiliano"]
[Result "1/2-1/2"]
[WhiteElo "2055"]
[BlackElo "2069"]
[PlyCount "89"]
[EventDate "2008.10.03"]

1. d4 Nf6 2. Nf3 g6 3. c4 d5 4. cxd5 Nxd5 5. e4 Nf6 6. Nc3 Bg7 7. Bc4 c6 8. O-O
O-O 9. Be3 e6 10. Qd2 Re8 11. Bg5 b5 12. Bd3 Qb6 13. e5 Nd5 14. Ne4 Nd7 15.
Rfe1 a6 16. Nd6 Rf8 17. Bh6 c5 18. Bxg7 Kxg7 19. dxc5 Nxc5 20. Be4 Bb7 21. Nxb7
Qxb7 22. Bxd5 Qxd5 23. Qg5 Qd8 24. Qe3 Qe7 25. Rac1 Rac8 26. Red1 Rfd8 27. h4
Rxd1+ 28. Rxd1 Na4 29. Rd2 h6 30. Qd4 Qc5 31. Qd7 Qc6 32. Qe7 Nb6 33. Qf6+ Kg8
34. Qf4 Kg7 35. Qf6+ Kg8 36. Rd6 Qb7 37. h5 Nd5 38. Rxd5 Qxd5 39. hxg6 fxg6 40.
Qxg6+ Kf8 41. Qxh6+ Ke8 42. Qg7 Qd7 43. Qh8+ Ke7 44. Qf6+ Ke8 45. Qh8+ 1/2-1/2

[Event "XXXIX Corsicoscacchi A"]
[Site "Corsico ITA"]
[Date "2008.10.03"]
[Round "3"]
[White "Cazzaniga, Walter"]
[Black "Astengo, Marcello"]
[Result "0-1"]
[WhiteElo "2160"]
[BlackElo "2100"]
[PlyCount "54"]
[EventDate "2008.10.03"]

1. d4 d5 2. c4 c6 3. Nf3 e6 4. Nc3 dxc4 5. e3 b5 6. a4 Bb4 7. Bd2 Bb7 8. axb5
Bxc3 9. Bxc3 cxb5 10. b3 a5 11. bxc4 b4 12. Bb2 Nf6 13. Bd3 Nbd7 14. O-O O-O
15. c5 Qc7 16. Bb5 Rfb8 17. Qa4 Bd5 18. Rfc1 Bb3 19. Qxb3 Rxb5 20. Ra4 Qc6 21.
Nd2 Ne4 22. Nc4 Ndxc5 23. dxc5 Nxc5 24. Nxa5 Nxb3 25. Rxc6 Rbxa5 26. Rxa5 Nxa5
27. Rb6 Nc4 0-1

[Event "XXXIX Corsicoscacchi A"]
[Site "Corsico ITA"]
[Date "2008.10.03"]
[Round "3"]
[White "Mazzariol, Oscar"]
[Black "Lapiccirella, Daniele"]
[Result "1/2-1/2"]
[WhiteElo "2070"]
[BlackElo "2179"]
[PlyCount "41"]
[EventDate "2008.10.03"]

1. d4 d5 2. c4 c6 3. Nc3 Nf6 4. Nf3 e6 5. e3 Nbd7 6. Bd3 dxc4 7. Bxc4 b5 8. Bd3
Bd6 9. O-O O-O 10. e4 e5 11. Ne2 exd4 12. Nexd4 Ne5 13. Nxe5 Bxe5 14. Nxc6
Bxh2+ 15. Kh1 Qc7 16. Bxb5 Bb7 17. Be3 a6 18. Ba4 Bxc6 19. Bxc6 Qxc6 20. Kxh2
Qxe4 21. Qd4 1/2-1/2

[Event "XXXIX Corsicoscacchi A"]
[Site "Corsico ITA"]
[Date "2008.10.03"]
[Round "3"]
[White "Stips, Felix"]
[Black "Brugo, Marco"]
[Result "1-0"]
[WhiteElo "2105"]
[BlackElo "2152"]
[PlyCount "103"]
[EventDate "2008.10.03"]

1. Nf3 e6 2. d4 f5 3. g3 Nf6 4. Bg2 Be7 5. O-O O-O 6. c4 d6 7. Nc3 a5 8. Re1
Ne4 9. Qc2 Nxc3 10. Qxc3 Nc6 11. Be3 Qe8 12. d5 Bf6 13. Qd2 exd5 14. cxd5 Ne5
15. Rac1 Nxf3+ 16. Bxf3 Bd8 17. Bg5 b6 18. Rc3 Bb7 19. Rec1 Rc8 20. Bxd8 Qxd8
21. e4 fxe4 22. Bxe4 Qe8 23. Bg2 Qd7 24. Qg5 Rf5 25. Qg4 Qf7 26. Rxc7 Rxc7 27.
Rxc7 Qxc7 28. Qxf5 Qc1+ 29. Bf1 Bc8 30. Qe4 h6 31. Qc4 Qxc4 32. Bxc4 Kf7 33. f4
Kf6 34. Kf2 Bb7 35. Ke3 Kf5 36. h3 h5 37. Bd3+ Kf6 38. Be4 g5 39. h4 gxh4 40.
gxh4 Bc8 41. Bf3 Kg6 42. Kd4 Bg4 43. Bxg4 hxg4 44. Ke4 Kh5 45. f5 Kxh4 46. f6
g3 47. f7 g2 48. f8=Q g1=Q 49. Qh8+ Kg3 50. Qg7+ Kf2 51. Qxg1+ Kxg1 52. Kf5 1-0

[Event "XXXIX Corsicoscacchi A"]
[Site "Corsico ITA"]
[Date "2008.10.03"]
[Round "4"]
[White "Astengo, Marcello"]
[Black "Stips, Felix"]
[Result "0-1"]
[WhiteElo "2100"]
[BlackElo "2105"]
[PlyCount "116"]
[EventDate "2008.10.03"]

1. d4 Nf6 2. c4 e6 3. Nc3 Bb4 4. f3 c5 5. d5 Nh5 6. g3 Bxc3+ 7. bxc3 f5 8. Nh3
e5 9. e4 f4 10. g4 Nf6 11. d6 Qa5 12. Qd2 Nc6 13. Rb1 h6 14. Be2 Qd8 15. Nf2 b6
16. Nd3 g5 17. Kf2 Ba6 18. h4 Kf7 19. Ba3 Kg7 20. Rh3 Qf8 21. Nb2 Na5 22. Rbh1
Qf7 23. Qd3 Rag8 24. h5 Qe6 25. Rd1 Rc8 26. Rhh1 Rc6 27. Rd2 Nb7 28. Qc2 Rxd6
29. Rxd6 Qxd6 30. Qa4 Na5 31. Rd1 Qc6 32. Qc2 Kf7 33. Qd2 Qe6 34. Qd3 Rc8 35.
Ke1 Ke7 36. Rd2 Rc6 37. Kf2 Rd6 38. Qxd6+ Qxd6 39. Rxd6 Kxd6 40. Ke1 Ke6 41.
Kd2 Ne8 42. Kc2 Nd6 43. Na4 Bxc4 44. Bxc4+ Ndxc4 45. Bc1 d5 46. exd5+ Kxd5 47.
Kd3 b5 48. Nb2 Nxb2+ 49. Bxb2 c4+ 50. Ke2 Nb7 51. Ba3 Nc5 52. Bb4 Nd7 53. Kf2
e4 54. fxe4+ Kxe4 55. Bd6 Nf6 56. Bf8 Nxg4+ 57. Ke1 Kf3 58. Bg7 Kg2 0-1

[Event "XXXIX Corsicoscacchi A"]
[Site "Corsico ITA"]
[Date "2008.10.03"]
[Round "4"]
[White "Brugo, Marco"]
[Black "Bemporad, Filippo"]
[Result "1/2-1/2"]
[WhiteElo "2152"]
[BlackElo "2055"]
[PlyCount "98"]
[EventDate "2008.10.03"]

1. d4 d5 2. c4 c6 3. Nc3 Nf6 4. Nf3 g6 5. Bg5 Bg7 6. e3 O-O 7. Qb3 e6 8. Be2 b6
9. O-O Nbd7 10. Ne5 Qc7 11. f4 Bb7 12. Rac1 Rfc8 13. Bf3 Ba6 14. Be2 dxc4 15.
Bxc4 Bxc4 16. Qxc4 Qd6 17. b4 Bf8 18. a3 c5 19. dxc5 bxc5 20. Rfd1 Nxe5 21. Qe2
Nd5 22. Nxd5 exd5 23. bxc5 Qe6 24. fxe5 Qxe5 25. Bf4 Qe6 26. Qb5 Rc6 27. Rd3
Rac8 28. Rdc3 Qe4 29. Qb4 Qe6 30. Qa5 a6 31. Qb4 Qf5 32. Bd6 Bg7 33. R3c2 Bf6
34. Rf2 Qe6 35. Qd2 Bg5 36. Re1 Re8 37. Rfe2 Bh4 38. Rf1 Rec8 39. Qd4 Bg5 40.
Rf3 f5 41. Rd2 Re8 42. Kf2 Be7 43. Qxd5 Qxd5 44. Rxd5 Bxd6 45. Rxd6 Rxd6 46.
cxd6 Rd8 47. e4 fxe4 48. Rf6 Kg7 49. Re6 Kf7 1/2-1/2